000 00792nam a2200265Ia 4500
003 OSt
005 20221005050026.0
006 a|||||r|||| 00| 0
007 ta
008 221004b |||||||| |||| 00| 0 ben d
020 _a9788129514868 (hbk)
_c160
024 _a4269
037 _b764, 16/03/2013, Bright Book Service
_cTextual
040 _aCRL
_cCRL
_bben
041 _2ben
_aben
082 _aR325, 157Q2
100 _aGhosh Prabir
245 0 _aAmi keno ishwa re biswas kori na
260 _aKolkata
_bSudhangshu Sekhar Dey Dey's Publishing India
_c2012
300 _a280p.
_ccm.
650 _a PHILOSOPHY
650 _aBENGALI LITERATURE
942 _hR325, 157Q2
_cTEXL
_2cc
999 _c956145
_d956145